000 02954cam a2200361 i 4500
001 21719745
003 JO-AjAnu
005 20231127110638.0
008 200916s2021 enk b 001 0 eng
010 _a 2020042410
020 _a9781789665451
_q(hardback)
020 _a9781789665437
_q(paperback)
020 _z9781789665444
_q(ebook)
040 _aDLC
_beng
_cDLC
_erda
_dDLC
_dJO-AjAnu
042 _apcc
050 0 0 _aHG173
_b.P43 2021
082 0 0 _a332.10285
_223
100 1 _aPedersen, Niels
_c(Chartered accountant),
_eauthor.
245 1 0 _aFinancial technology :
_bcase studies in fintech innovation /
_cNiels Pedersen.
264 1 _aLondon ;
_aNew York, NY :
_bKogan Page,
_c2021.
300 _axxii, 250 pages ;
_c25 cm
336 _atext
_btxt
_2rdacontent
337 _aunmediated
_bn
_2rdamedia
338 _avolume
_bnc
_2rdacarrier
504 _aIncludes bibliographical references and index.
520 _a"With the continued success of fintech (financial technology) businesses around the world, financial services are becoming increasingly de-centralized, personalized, and automated. This new textbook strikes a balance between academic depth and commercial relevance in examining the advantages and challenges of these changes through the lens of various analytical frameworks. Financial Technology demystifies key technologies, such as blockchains, Internet of Things, AI, machine learning, and algorithmic data analysis, in a clear and accessible style suitable for readers with no technological background. Real-world case studies from a variety of international organizations including HSBC, ING, Amex, AIG, IBM, Tandem and Monzo, bridge the gap between theory and practice and contextualize learning in terms of real businesses, from large incumbents to smaller start-ups. With coverage of robo-advisors, mobile-only banks, open banking and risk and regulation, this book also explores a range of analytical frameworks to critically examine new technologies and emerging business models. Financial Technology enables readers to understand the fintech movement in the context of recent financial history, examine the key drivers of change and form insights about the financial system in a forward-looking and global manner. Online resources include PowerPoint slides for lecturers, video lectures, a literature review and blog posts to cover industry developments"--
_cProvided by publisher.
650 0 _aFinance
_xTechnological innovations
_vCase studies.
650 0 _aFinancial services industry
_xTechnological innovations
_vCase studies.
776 0 8 _iOnline version:
_aPedersen, Niels (Chartered accountant).
_tFinancial technology
_dLondon, United Kingdom ; New York, NY : Kogan Page, 2021.
_z9781789665444
_w(DLC) 2020042411
906 _a7
_bcbc
_corignew
_d1
_eecip
_f20
_gy-gencatlg
942 _2lcc
_cBK
_n0
999 _c33157
_d33157